Histoire du Moyen-Orient : Du XIXe siècle à nos jours (notice n° 2198609)

détails MARC
000 -LEADER
fixed length control field 01377cam a2200157 4500500
005 - DATE AND TIME OF LATEST TRANSACTION
control field 20260405085552.0
041 ## - LANGUAGE CODE
Language code of text/sound track or separate title fre
042 ## - AUTHENTICATION CODE
Authentication code dc
100 10 - MAIN ENTRY--PERSONAL NAME
Personal name Dupont, Anne-Laure
Relator term author
245 00 - TITLE STATEMENT
Title Histoire du Moyen-Orient : Du XIXe siècle à nos jours
260 ## - PUBLICATION, DISTRIBUTION, ETC.
Name of publisher, distributor, etc. Armand Colin,<br/>
Date of publication, distribution, etc. 2023.<br/>
520 ## - SUMMARY, ETC.
Summary, etc. Forgée au début du XXe siècle et initialement liée aux intérêts britanniques dans le golfe Persique et au voisinage de l’Inde, l’expression « Moyen-Orient » a des définitions fluctuantes. Ce livre traite d’un espace allant de l’Égypte à l’Iran et de la mer Noire à l’océan Indien, et inclut occasionnellement le Maghreb. Il souligne l’unité de la région, qui tient à l’héritage des Empires ottoman et qajar et à l’ancienneté dela présence de l’islam. Son ambition est double : sortir des études sectorielles par aire linguistique ou État pour étudier le Moyen-Orient comme un ensemble ; dans un cadre chronologique dicté par la politique, les relations internationales et, bien souvent, la violence des guerres et des conflits, faire vivre les populations sur les plans culturel, religieux, social et économique.
700 10 - ADDED ENTRY--PERSONAL NAME
Personal name Mayeur-Jaouen, Catherine
Relator term author
700 10 - ADDED ENTRY--PERSONAL NAME
Personal name Verdeil, Chantal
Relator term author
856 41 - ELECTRONIC LOCATION AND ACCESS
Uniform Resource Identifier <a href="https://shs.cairn.info/histoire-du-moyen-orient--9782200630645?lang=fr&redirect-ssocas=7080">https://shs.cairn.info/histoire-du-moyen-orient--9782200630645?lang=fr&redirect-ssocas=7080</a>

Pas d'exemplaire disponible.

PLUDOC

PLUDOC est la plateforme unique et centralisée de gestion des bibliothèques physiques et numériques de Guinée administré par le CEDUST. Elle est la plus grande base de données de ressources documentaires pour les Étudiants, Enseignants chercheurs et Chercheurs de Guinée.

Adresse

627 919 101/664 919 101

25 boulevard du commerce
Kaloum, Conakry, Guinée

Réseaux sociaux

Powered by Netsen Group @ 2025